Online
Catalog

Almanaque literario de mi mundo / (Record no. 16939)

MARC details
000 -CABECERA
campo de control de longitud fija 00618nam a2200193 a 4500
001 - NÚMERO DE CONTROL
campo de control 000017414
005 - FECHA Y HORA DE LA ÚLTIMA TRANSACCIÓN
campo de control 20240412074247.0
008 - DATOS DE LONGITUD FIJA--INFORMACIÓN GENERAL
campo de control de longitud fija 100324s1946 dr r 000 j spa d
040 ## - FUENTE DE LA CATALOGACIÓN
Centro catalogador/agencia de origen DO-SdBNP
Lengua de catalogación spa
Centro/agencia transcriptor BNPHU
082 ## - NÚMERO DE LA CLASIFICACIÓN DECIMAL DEWEY
Número de clasificación RD863.4
Número de documento/Ítem M647a
100 1# - ENTRADA PRINCIPAL--NOMBRE DE PERSONA
Nombre de persona Miller O., Fredy,
Fechas asociadas al nombre 1918-1959
9 (RLIN) 38103
245 10 - MENCIÓN DE TÍTULO
Título Almanaque literario de mi mundo /
Mención de responsabilidad, etc. Fredy Miller O.
260 ## - PUBLICACIÓN, DISTRIBUCIÓN, ETC.
Lugar de publicación, distribución, etc. Santo Domingo :
Nombre del editor, distribuidor, etc. Dominicana Antillas Mayores,
Fecha de publicación, distribución, etc. 1946.
300 ## - DESCRIPCIÓN FÍSICA
Extensión 86 p. ;
Dimensiones 21 cm.
590 ## - NOTA LOCAL (RLIN)
Nota local Inventariado, 2019/BT
650 #0 - PUNTO DE ACCESO ADICIONAL DE MATERIA--TÉRMINO DE MATERIA
Término de materia o nombre geográfico como elemento de entrada Cuentos dominicanos
9 (RLIN) 176
650 #0 - PUNTO DE ACCESO ADICIONAL DE MATERIA--TÉRMINO DE MATERIA
Término de materia o nombre geográfico como elemento de entrada Literatura dominicana.
9 (RLIN) 67
910 ## - DATOS DE OPCIÓN DEL USUARIO (OCLC)
Datos de opción del usuario Validado. Control de calidad MFF
Holdings
Estado de retiro Estado de pérdida Restricciones de uso No para préstamo Código de colección Localización permanente Ubicación/localización actual Ubicación en estantería Fecha de adquisición Número de inventario Total de préstamos Signatura topográfica completa Código de barras Fecha visto por última vez Precio válido a partir de Tipo de ítem Koha Nota pública Número de copia
      Excluido de préstamo Raros y valiosos Patrimonio Dominicano Patrimonio Dominicano Depósito 24.03.2010 LF1   RD863.4 M647a 17414-10 25.06.2020 25.06.2020 No se presta Perteneció a la biblioteca personal de Martínez Boog.  
      Excluido de préstamo Raros y valiosos Patrimonio Dominicano Patrimonio Dominicano Depósito 24.03.2010 LF1   RD863.4 M647a 17414-20 25.06.2020 25.06.2020 No se presta Perteneció a la biblioteca personal de Martínez Boog. e.2
        Raros y valiosos Patrimonio Dominicano Patrimonio Dominicano Depósito 27.09.2011 LF1   RD863.4 M647a 17414-30 25.06.2020 25.06.2020 Préstamo en sala Perteneció a la biblioteca personal de Julio Ortega Frier. e.3
        Raros y valiosos Patrimonio Dominicano Patrimonio Dominicano Depósito 23.08.2019 LF1   RD863.4 M647a 17414-40 25.06.2020 25.06.2020 Préstamo en sala   e.4

Powered by Koha